Minecraft - Guess the Blocks by Picture #1 - Statistics

General Stats
  • This quiz has been taken 80 times
    22 since last reset
  • The average score is 274 of 501
Answer Stats
Picture Answer % Correct
Acacia Button
95%
Acacia Door
95%
Acacia Fence
90%
Acacia Fence Gate
90%
Acacia Hanging Sign
90%
Acacia Leaves
90%
Acacia Log
90%
Acacia Planks
90%
Acacia Sign
90%
Acacia Slab
90%
Acacia Stairs
90%
Acacia Trapdoor
90%
Ancient Debris
90%
Anvil
90%
Bamboo
90%
Bamboo Button
90%
Bamboo Door
90%
Bamboo Fence
90%
Acacia Wood
85%
Andesite
85%
Andesite Slab
85%
Andesite Stairs
85%
Andesite Wall
85%
Bamboo Fence Gate
85%
Bamboo Hanging Sign
85%
Acacia Sapling
80%
Azalea
80%
Bamboo Slab
80%
Bamboo Stairs
80%
Bamboo Trapdoor
80%
Barrel
80%
Beacon
80%
Bedrock
80%
Bell
80%
Birch Button
80%
Birch Door
80%
Birch Fence
80%
Allium
75%
Azalea Leaves
75%
Bamboo Sign
75%
Bee Nest
75%
Birch Fence Gate
75%
Birch Hanging Sign
75%
Birch Leaves
75%
Birch Log
75%
Birch Planks
75%
Birch Sign
75%
Birch Slab
75%
Birch Stairs
75%
Birch Trapdoor
75%
Black Banner
75%
Black Bed
75%
Black Candle
75%
Black Carpet
75%
Black Concrete
75%
Black Concrete Powder
75%
Black Shulker Box
75%
Black Stained Glass
75%
Black Stained Glass Pane
75%
Blackstone
75%
Blackstone Slab
75%
Blackstone Stairs
75%
Blackstone Wall
75%
Black Terracotta
75%
Black Wool
75%
Block of Amethyst
75%
Block of Bamboo
75%
Block of Coal
75%
Block of Copper
75%
Block of Diamond
75%
Block of Emerald
75%
Block of Gold
75%
Block of Iron
75%
Block of Lapis Lazuli
75%
Block of Netherite
75%
Block of Quartz
75%
Block of Raw Copper
75%
Block of Raw Gold
75%
Block of Raw Iron
75%
Block of Redstone
75%
Blue Banner
75%
Blue Bed
75%
Blue Candle
75%
Blue Carpet
75%
Blue Concrete
75%
Blue Concrete Powder
75%
Blue Ice
75%
Blue Shulker Box
75%
Blue Stained Glass
75%
Blue Stained Glass Pane
75%
Blue Terracotta
75%
Blue Torch
75%
Blue Wool
75%
Bone Block
75%
Bookshelf
75%
Brain Coral
75%
Brain Coral Block
75%
Brewing Stand
75%
Bricks
75%
Brick Slab
75%
Brick Stairs
75%
Brick Wall
75%
Brown Banner
75%
Brown Bed
75%
Brown Candle
75%
Brown Carpet
75%
Brown Concrete
75%
Brown Concrete Powder
75%
Brown Mushroom
75%
Brown Mushroom Block
75%
Brown Shulker Box
75%
Brown Stained Glass
75%
Brown Stained Glass Pane
75%
Brown Terracotta
75%
Brown Wool
75%
Bubble Column
75%
Cactus
75%
Cake
75%
Campfire
75%
Candle
75%
Cherry Button
75%
Cherry Door
75%
Cherry Fence
75%
Cherry Fence Gate
75%
Cherry Hanging Sign
75%
Cherry Leaves
75%
Cherry Log
75%
Cherry Planks
75%
Cherry Sign
75%
Cherry Slab
75%
Cherry Stairs
75%
Cherry Trapdoor
75%
Chest
75%
Coal Ore
75%
Cobblestone
75%
Cobblestone Slab
75%
Cobblestone Stairs
75%
Cobblestone Wall
75%
Cocoa
75%
Command Block
75%
Copper Lantern
75%
Copper Ore
75%
Copper Torch
75%
Copper Trapdoor
75%
Crafting Table
75%
Creeper Head
75%
Crimson Button
75%
Crimson Door
75%
Crimson Fence
75%
Crimson Fence Gate
75%
Crimson Hanging Sign
75%
Crimson Planks
75%
Crimson Sign
75%
Crimson Slab
75%
Crimson Stairs
75%
Crimson Stem
75%
Crimson Trapdoor
75%
Crying Obsidian
75%
Cyan Banner
75%
Cyan Bed
75%
Cyan Candle
75%
Cyan Carpet
75%
Cyan Concrete
75%
Cyan Concrete Powder
75%
Cyan Shulker Box
75%
Cyan Stained Glass
75%
Cyan Stained Glass Pane
75%
Cyan Terracotta
75%
Cyan Wool
75%
Dark Oak Button
75%
Dark Oak Door
75%
Dark Oak Fence
75%
Dark Oak Fence Gate
75%
Dark Oak Hanging Sign
75%
Dark Oak Leaves
75%
Dark Oak Log
75%
Azure Bluet
70%
Basalt
70%
Birch Wood
70%
Black Glazed Terracotta
70%
Blast Furnace
70%
Blue Glazed Terracotta
70%
Blue Orchid
70%
Board
70%
Brown Glazed Terracotta
70%
Calcite
70%
Carved Pumpkin
70%
Cauldron
70%
Cherry Wood
70%
Composter
70%
Copper Chest
70%
Copper Door
70%
Creaking Heart
70%
Crimson Fungus
70%
Crimson Hyphae
70%
Cut Copper
70%
Cut Copper Slab
70%
Cut Copper Stairs
70%
Cyan Glazed Terracotta
70%
Dark Oak Planks
70%
Dark Oak Sign
70%
Dark Oak Slab
70%
Dark Oak Stairs
70%
Dark Oak Trapdoor
70%
Deepslate Coal Ore
70%
Deepslate Copper Ore
70%
Deepslate Diamond Ore
70%
Deepslate Emerald Ore
70%
Deepslate Gold Ore
70%
Deepslate Iron Ore
70%
Deepslate Lapis Lazuli Ore
70%
Deepslate Redstone Ore
70%
Diamond Ore
70%
Dirt
70%
Dragon Egg
70%
Dragon Head
70%
Dripstone Block
70%
Emerald Ore
70%
Enchanting Table
70%
Ender Chest
70%
End Portal Frame
70%
End Rod
70%
End Stone
70%
End Stone Bricks
70%
End Stone Brick Slab
70%
End Stone Brick Stairs
70%
End Stone Brick Wall
70%
Flower Pot
70%
Glass
70%
Glass Pane
70%
Glowstone
70%
Gold Ore
70%
Grass Block
70%
Gravel
70%
Gray Banner
70%
Gray Bed
70%
Gray Candle
70%
Gray Carpet
70%
Gray Concrete
70%
Gray Concrete Powder
70%
Gray Shulker Box
70%
Gray Stained Glass
70%
Gray Stained Glass Pane
70%
Gray Terracotta
70%
Gray Wool
70%
Green Banner
70%
Green Bed
70%
Green Candle
70%
Green Carpet
70%
Green Concrete
70%
Green Concrete Powder
70%
Green Shulker Box
70%
Green Stained Glass
70%
Green Stained Glass Pane
70%
Green Terracotta
70%
Green Torch
70%
Green Wool
70%
Hay Bale
70%
Honey Block
70%
Hopper
70%
Ice
70%
Iron Bars
70%
Iron Door
70%
Iron Ore
70%
Iron Trapdoor
70%
Item Frame
70%
Jukebox
70%
Jungle Button
70%
Jungle Door
70%
Jungle Fence
70%
Jungle Fence Gate
70%
Jungle Hanging Sign
70%
Jungle Leaves
70%
Jungle Log
70%
Jungle Planks
70%
Beehive
65%
Birch Sapling
65%
Block of Resin
65%
Cactus Flower
65%
Cartography Table
65%
Cherry Sapling
65%
Copper Bars
65%
Cut Red Sandstone
65%
Cut Red Sandstone Slab
65%
Cut Sandstone
65%
Cut Sandstone Slab
65%
Dark Oak Wood
65%
Dark Prismarine
65%
Dark Prismarine Slab
65%
Dark Prismarine Stairs
65%
Diorite
65%
Diorite Slab
65%
Diorite Stairs
65%
Diorite Wall
65%
Fire
65%
Fletching Table
65%
Furnace
65%
Granite
65%
Granite Slab
65%
Granite Stairs
65%
Granite Wall
65%
Gray Glazed Terracotta
65%
Green Glazed Terracotta
65%
Flowering Azalea
60%
Flowering Azalea Leaves
60%
Honeycomb Block
60%
Jungle Sapling
60%
Dark Oak Sapling
55%
Dried Kelp Block
55%
Acacia Pressure Plate
50%
Bamboo Planks
50%
Detector Rail
50%
Amethyst Cluster
45%
Acacia Shelf
40%
Activator Rail
40%
Bamboo Pressure Plate
35%
Barrier
35%
Birch Pressure Plate
35%
Bubble Coral
35%
Bubble Coral Block
35%
Cherry Pressure Plate
35%
Clay
35%
Cobweb
35%
Copper Golem Statue
35%
Crimson Pressure Plate
35%
Damaged Anvil
35%
Dandelion
35%
Golden Dandelion
35%
Beetroots
30%
Big Dripleaf
30%
Bush
30%
Carrots
30%
Chain Command Block
30%
Chipped Anvil
30%
Chiseled Sandstone
30%
Chorus Flower
30%
Copper Chain
30%
Cracked Deepslate Bricks
30%
Cracked Stone Bricks
30%
Crimson Nylium
30%
Dark Oak Pressure Plate
30%
Deepslate
30%
Dispenser
30%
Dropper
30%
Fire Coral
30%
Fire Coral Block
30%
Glow Item Frame
30%
Heavy Weighted Pressure Plate
30%
Horn Coral
30%
Horn Coral Block
30%
Iron Chain
30%
Jack o'Lantern
30%
Jungle Pressure Plate
30%
Allow
25%
Bamboo Mosaic
25%
Bamboo Mosaic Slab
25%
Bamboo Mosaic Stairs
25%
Bamboo Shelf
25%
Bamboo Shoot
25%
Birch Shelf
25%
Block of Stripped Bamboo
25%
Brain Coral Fan
25%
Bubble Coral Fan
25%
Budding Amethyst
25%
Calibrated Sculk Sensor
25%
Cave Vines
25%
Cherry Shelf
25%
Chiseled Bookshelf
25%
Chiseled Copper
25%
Chiseled Deepslate
25%
Chiseled Nether Bricks
25%
Chiseled Polished Blackstone
25%
Chiseled Quartz Block
25%
Chiseled Red Sandstone
25%
Chiseled Resin Bricks
25%
Chiseled Stone Bricks
25%
Chiseled Tuff
25%
Chiseled Tuff Bricks
25%
Chorus Plant
25%
Closed Eyeblossom
25%
Coarse Dirt
25%
Cobbled Deepslate
25%
Cobbled Deepslate Slab
25%
Cobbled Deepslate Stairs
25%
Cobbled Deepslate Wall
25%
Conduit
25%
Copper Bulb
25%
Copper Grate
25%
Cornflower
25%
Cracked Deepslate Tiles
25%
Cracked Nether Bricks
25%
Cracked Polished Blackstone Bricks
25%
Crafter
25%
Crimson Roots
25%
Crimson Shelf
25%
Daylight Detector
25%
Dead Bush
25%
Deepslate Bricks
25%
Deepslate Brick Slab
25%
Deepslate Brick Stairs
25%
Deepslate Brick Wall
25%
Dirt Path
25%
Dried Ghast
25%
Farmland
25%
Heavy Core
25%
Infested Cobblestone
25%
Infested Mossy Stone Bricks
25%
Infested Stone
25%
Infested Stone Bricks
25%
Jigsaw Block
25%
Border
20%
Compound Creator
20%
Dark Oak Shelf
20%
Dead Brain Coral
20%
Dead Brain Coral Block
20%
Dead Brain Coral Fan
20%
Dead Bubble Coral
20%
Dead Bubble Coral Block
20%
Dead Bubble Coral Fan
20%
Dead Fire Coral
20%
Dead Fire Coral Block
20%
Dead Fire Coral Fan
20%
Dead Horn Coral
20%
Dead Horn Coral Block
20%
Dead Horn Coral Fan
20%
Dead Tube Coral
20%
Dead Tube Coral Block
20%
Dead Tube Coral Fan
20%
Decorated Pot
20%
Deepslate Tiles
20%
Deepslate Tile Slab
20%
Deepslate Tile Stairs
20%
Deepslate Tile Wall
20%
Deny
20%
Element Constructor
20%
End Gateway
20%
End Portal
20%
Exposed Chiseled Copper
20%
Exposed Copper
20%
Exposed Copper Bars
20%
Exposed Copper Bulb
20%
Exposed Copper Chain
20%
Exposed Copper Chest
20%
Exposed Copper Door
20%
Exposed Copper Golem Statue
20%
Exposed Copper Grate
20%
Exposed Copper Lantern
20%
Exposed Copper Trapdoor
20%
Exposed Cut Copper
20%
Exposed Cut Copper Slab
20%
Exposed Cut Copper Stairs
20%
Exposed Lightning Rod
20%
Fern
20%
Fire Coral Fan
20%
Firefly Bush
20%
Frogspawn
20%
Frosted Ice
20%
Gilded Blackstone
20%
Glow Lichen
20%
Grindstone
20%
Hanging Roots
20%
Hardened Black Stained Glass
20%
Hardened Black Stained Glass Pane
20%
Hardened Blue Stained Glass
20%
Hardened Blue Stained Glass Pane
20%
Hardened Brown Stained Glass
20%
Hardened Brown Stained Glass Pane
20%
Hardened Cyan Stained Glass
20%
Hardened Cyan Stained Glass Pane
20%
Hardened Glass
20%
Hardened Glass Pane
20%
Hardened Gray Stained Glass
20%
Hardened Gray Stained Glass Pane
20%
Hardened Green Stained Glass
20%
Hardened Green Stained Glass Pane
20%
Hardened Light Blue Stained Glass
20%
Hardened Light Blue Stained Glass Pane
20%
Hardened Light Gray Stained Glass
20%
Hardened Light Gray Stained Glass Pane
20%
Hardened Lime Stained Glass
20%
Hardened Lime Stained Glass Pane
20%
Hardened Magenta Stained Glass
20%
Hardened Magenta Stained Glass Pane
20%
Hardened Orange Stained Glass
20%
Hardened Orange Stained Glass Pane
20%
Hardened Pink Stained Glass
20%
Hardened Pink Stained Glass Pane
20%
Hardened Purple Stained Glass
20%
Hardened Purple Stained Glass Pane
20%
Hardened Red Stained Glass
20%
Hardened Red Stained Glass Pane
20%
Hardened White Stained Glass
20%
Hardened White Stained Glass Pane
20%
Hardened Yellow Stained Glass
20%
Hardened Yellow Stained Glass Pane
20%
Heat Block
20%
Horn Coral Fan
20%
Infested Chiseled Stone Bricks
20%
Infested Cracked Stone Bricks
20%
Infested Deepslate
20%
Jungle Shelf
20%
No matching quizzes found
Score Distribution
Percent of People with Each Score
Percentile by Number Answered
Your Score History
You have not taken this quiz since the last reset